000 00498nam a2200145 i 4500
001 51156
003 ES-MaACL
007 t|
008 030811s1984 sp ||||1| spa d
100 1 _aCuervo García, Alvaro.
_942024
245 1 0 _aSistema financiero español /
_cpor Alvaro Cuervo García.
260 _a[Madrid] :
_bUniversidad Nacional de Educación a Distancia, Facultad de Ciencias Económicas y Empresariales,
_c[1984]
300 _a414 p. ;
_c30 cm.
852 _aES-MaACL
_jL-7478
_bR.107933
999 _c51156
_d51156